Agenda astronomique 2005

Wedi'i Gadw mewn:
Manylion Llyfryddiaeth
Fformat: Llyfr
Iaith:Vietnamese
Cyhoeddwyd: EDP Sciences 2005
Tagiau: Ychwanegu Tag
Dim Tagiau, Byddwch y cyntaf i dagio'r cofnod hwn!
Thư viện lưu trữ: Mạng thư viện Đại học Đà Nẵng
LEADER 00554nam a2200241 4500
001 000021492
003 17940
005 20150421160451.0
008 150421s2005 viesd
020 |c 00 
041 0 |a vie 
082 1 4 |a 520  |b Ag-A 
245 1 0 |a Agenda astronomique 2005 
260 |b EDP Sciences  |c 2005 
300 |a tr.  |c cm. 
OWN |a LSP 
999 |a From the UDN01 
TYP |a Monograph 
TYP |a Printed language 
980 |a Mạng thư viện Đại học Đà Nẵng